LEADER 02951nam 22007095u 450 001 9910156327903321 005 20211006144812.0 010 $a9783318033700 010 $a3318033707 035 $a(CKB)3780000000101241 035 $a(OCoLC)1046112845 035 $a(SZ-BaSKA)222550 035 $a(MiAaPQ)EBC31866239 035 $a(Au-PeEL)EBL31866239 035 $a(EXLCZ)993780000000101241 100 $a20211006d1994 uy 0 101 0 $aeng 135 $aurunu||||| 181 $ctxt$2rdacontent 182 $cc$2rdamedia 183 $acr$2rdacarrier 200 10$aCardiorenal Disease : $e4th European Meeting on Cardionephrology, Assisi, March 1993 / $f editors, M. Timio, V. Wizemann 205 $a1st ed. 210 $aBasel : $cS. Karger, $d1994 215 $a1 online resource (X + 206 pages) : $c 44 figures, 27 tables 225 0 $aContributions to Nephrology, $x1662-2782 ; $vVol.106 311 08$a9783805558303 311 08$a3805558309 327 $a978-3-8055-5830-3_Cover -- 978-3-8055-5830-3_00I -- 978-3-8055-5830-3_001 -- 978-3-8055-5830-3_007 -- 978-3-8055-5830-3_013 -- 978-3-8055-5830-3_026 -- 978-3-8055-5830-3_030 -- 978-3-8055-5830-3_036 -- 978-3-8055-5830-3_043 -- 978-3-8055-5830-3_053 -- 978-3-8055-5830-3_059 -- 978-3-8055-5830-3_063 -- 978-3-8055-5830-3_068 -- 978-3-8055-5830-3_074 -- 978-3-8055-5830-3_084 -- 978-3-8055-5830-3_090 -- 978-3-8055-5830-3_094 -- 978-3-8055-5830-3_099 -- 978-3-8055-5830-3_106 -- 978-3-8055-5830-3_110 -- 978-3-8055-5830-3_114 -- 978-3-8055-5830-3_119 -- 978-3-8055-5830-3_125 -- 978-3-8055-5830-3_129 -- 978-3-8055-5830-3_135 -- 978-3-8055-5830-3_138 -- 978-3-8055-5830-3_141 -- 978-3-8055-5830-3_148 -- 978-3-8055-5830-3_153 -- 978-3-8055-5830-3_157 -- 978-3-8055-5830-3_162 -- 978-3-8055-5830-3_166 -- 978-3-8055-5830-3_174 -- 978-3-8055-5830-3_179 -- 978-3-8055-5830-3_186 -- 978-3-8055-5830-3_190 -- 978-3-8055-5830-3_193 -- 978-3-8055-5830-3_198 -- 978-3-8055-5830-3_202. 410 0$aIssn Series 606 $aNephrology 606 $aCardiovascular System 606 $aInternal Medicine 606 $aGerontology / Geriatrics 606 $aHematology 606 $aMetabolism 606 $aPathology 606 $aPhysiology 606 $aRespiratory System 606 $aTransplantation 606 $aUrology 615 14$aNephrology 615 14$aCardiovascular System 615 14$aInternal Medicine 615 24$aGerontology / Geriatrics 615 24$aHematology 615 24$aMetabolism 615 24$aPathology 615 24$aPhysiology 615 24$aRespiratory System 615 24$aTransplantation 615 24$aUrology 676 $a616.6/1 700 $aTimio$b M 701 $aTimio$b Mario$f1938-$0293963 701 $aWizemann$b V$01215138 801 0$bUKSKG 801 1$bUKSKG 906 $aBOOK 912 $a9910156327903321 996 $aCardiorenal Disease$92867139 997 $aUNINA